000 01067nam a22003137a 4500
001 BR9802879
003 BR-BrBNA
005 20230928095939.0
007 ta
008 230509b bl.||||| |||| 00| 0 por d
040 _aBR-BrBNA
_bpor
_cBiblioteca Nacional de Agricultura
041 _a(Por)
072 _aF04
_b0120
_b1957
_b3820
090 _ 0120 BR9802879
100 1 _aMelem Junior, N.J.
110 1 _aEscola Superior de Agricultura Luiz de Queiroz, Piracicaba, SP (Brasil)
_0Tese (Mestre em Agronomia)
245 1 _aUso de fertilizantes nitrogenados na cultura do milho apos cultivo de tremoco branco (Lupinus albus)em podzolico vermelho amarelo latossolico distrofico
260 3 _aPiracicaba, SP (Brasil):
_c1998.
300 _a46 p.
500 _aBibliography p. 41-46; 16 illus.; 8 tables; Summaries (Eng, Por)
650 _aMilho
650 _aTremoco
650 _aFertilizante Nitrogenado
650 _aEnxofre
650 _aAdubo Verde
650 _aPodzolico Vermelho Amarelo
909 _a202309
_bLucia
_c55
_dLucia Elande
942 _cBK
999 _c59555
_d59555